[Event "Titled Tuesday intern op 26th Nov Late"]
[Site "Chess.com INT"]
[Date "2024.11.26"]
[Round "5"]
[White "Yang, Kevin S"]
[Black "Yu, Avery"]
[Result "1-0"]
[WhiteElo "2096"]
[BlackElo "1964"]
[PlyCount "52"]
[EventDate "2024.11.26"]
[EventType "swiss (blitz)"]
[EventRounds "11"]
[EventCountry "USA"]
[SourceTitle "CB49_2024"]
[SourceDate "2024.12.04"]
[SourceVersion "1"]
[SourceVersionDate "2024.12.04"]
[SourceQuality "1"]

1. d4 d5 2. Bf4 Nf6 3. e3 c5 4. Nc3 Nc6 5. Nb5 Qa5+ 6. c3 e5 7. dxe5 Ne4 8. Qxd5 a6 9. Nd6+ Bxd6 10. Qxe4 Be7 11. Bd3 Be6 12. Bc4 Qa4 13. b3 Qa5 14. Ne2 0-0 15. Bxe6 fxe6 16. Qc4 Kh8 17. Qxe6 Rae8 18. Qd5 Rd8 19. Qe4 Qa3 20. Qc2 b5 21. 0-0 Rde8 22. Rad1 c4 23. b4 Qa4 24. Qxa4 bxa4 25. Nd4 a5 26. Nxc6 axb4 1-0

[Event "Titled Tuesday intern op 27th Aug Late"]
[Site "Chess.com INT"]
[Date "2024.08.27"]
[Round "4"]
[White "Yang, Kevin S"]
[Black "Tarhan, Adar"]
[Result "0-1"]
[WhiteElo "2096"]
[BlackElo "2467"]
[PlyCount "98"]
[EventDate "2024.08.27"]
[EventType "swiss (blitz)"]
[EventRounds "11"]
[EventCountry "USA"]
[SourceTitle "EXT 2025"]
[Source "ChessBase"]
[SourceDate "2024.10.14"]
[SourceVersion "1"]
[SourceVersionDate "2024.10.14"]
[SourceQuality "1"]

1. d4 Nf6 2. Nc3 d5 3. Bf4 c5 4. e3 a6 5. Nf3 Nc6 6. Be2 Bg4 7. 0-0 e6 8. Rb1 Rc8 9. Ne5 Bxe2 10. Nxe2 Nh5 11. Nxc6 Rxc6 12. Be5 Bd6 13. Bxd6 Qxd6 14. c3 0-0 15. Qd3 Rfc8 16. Rbd1 b5 17. e4 dxe4 18. Qxe4 Nf6 19. Qf3 b4 20. dxc5 Qxc5 21. cxb4 Qxb4 22. Qxc6 Rxc6 23. Rd8+ Qf8 24. Rxf8+ Kxf8 25. Rc1 Rd6 26. Kf1 Rd2 27. Rb1 Ng4 28. h3 Ne5 29. Ke1 Rxb2 30. Rxb2 Nd3+ 31. Kd2 Nxb2 32. Kc2 Na4 33. Kb3 Nc5+ 34. Kc4 Ne4 35. f3 Nf6 36. Kc5 Ke7 37. Kb6 Nd5+ 38. Kxa6 Nb4+ 39. Kb5 Nxa2 40. Kc4 Kd6 41. Kb3 Kd5 42. Kxa2 Kc4 43. Kb2 Kd3 44. Nf4+ Ke3 45. Nh5 g6 46. Nf6 h5 47. g4 h4 48. Nh7 Kf4 49. Ng5 Kxg5 0-1

[Event "Abu Dhabi Masters Online"]
[Site "Chess.com INT"]
[Date "2024.08.21"]
[Round "4"]
[White "Yang, Kevin S"]
[Black "Wael Sabry, Mina"]
[Result "1/2-1/2"]
[WhiteElo "2096"]
[BlackElo "2096"]
[PlyCount "158"]
[EventDate "2024.08.21"]
[EventType "swiss (blitz)"]
[EventRounds "11"]
[EventCountry "UAE"]
[SourceTitle "CBM 221 Extra"]
[Source "ChessBase"]
[SourceDate "2024.09.30"]
[SourceVersion "1"]
[SourceVersionDate "2024.09.30"]
[SourceQuality "1"]

1. e4 c5 2. Nf3 d6 3. Bb5+ Nd7 4. d4 cxd4 5. Qxd4 Ngf6 6. 0-0 a6 7. Ba4 e6 8. c4 Be7 9. Rd1 0-0 10. Nc3 Qc7 11. Bg5 Rd8 12. Rac1 Ne5 13. Nd2 Bd7 14. Bxd7 Rxd7 15. h3 Qc5 16. Be3 Qxd4 17. Bxd4 Nc6 18. Be3 d5 19. cxd5 exd5 20. exd5 Nxd5 21. Nc4 Nxc3 22. Rxd7 Ne2+ 23. Kf1 Nxc1 24. Bxc1 b5 25. Rc7 Nb4 26. Rxe7 bxc4 27. Rc7 Nxa2 28. Rxc4 Nxc1 29. Rxc1 g6 30. Ra1 Rb8 31. Rxa6 Rxb2 32. g3 h5 33. Kg2 Kg7 34. Kf3 g5 35. Rc6 f6 36. Rc5 Kg6 37. Ra5 Rb3+ 38. Kg2 Rd3 39. Rc5 Kf7 40. Ra5 Ke7 41. Ra7+ Ke6 42. Rh7 Kf5 43. Rxh5 Rd8 44. Rh6 Rg8 45. g4+ Ke5 46. Kg3 Rd8 47. Rh7 Rd3+ 48. f3 Ke6 49. Rh8 Kf7 50. Ra8 Kg6 51. Ra5 Rd1 52. Rf5 Rg1+ 53. Kh2 Ra1 54. Kg3 Ra2 55. Rb5 Ra1 56. Rb8 Rg1+ 57. Kh2 Rf1 58. Kg2 Rc1 59. Rb2 Kf7 60. Rf2 Ke6 61. f4 gxf4 62. Rxf4 Rc2+ 63. Kg3 Rc5 64. Rf3 Kf7 65. Kh4 Kg6 66. Re3 Rc2 67. Rf3 Rc4 68. Rf5 Rc3 69. Ra5 Rd3 70. Ra8 Rb3 71. Rg8+ Kf7 72. Rh8 Kg6 73. Rh5 Rd3 74. Ra5 Re3 75. Rb5 Rd3 76. Rb8 Rc3 77. Rb4 Re3 78. Rf4 Rc3 79. Rb4 Re3 1/2-1/2

[Event "Titled Tuesday intern op 13th Aug Late"]
[Site "Chess.com INT"]
[Date "2024.08.13"]
[Round "3"]
[White "Yang, Kevin S"]
[Black "Janik, Igor"]
[Result "0-1"]
[WhiteElo "2096"]
[BlackElo "2502"]
[PlyCount "112"]
[EventDate "2024.08.13"]
[EventType "swiss (blitz)"]
[EventRounds "11"]
[EventCountry "USA"]
[SourceTitle "EXT 2025"]
[Source "ChessBase"]
[SourceDate "2024.10.14"]
[SourceVersion "1"]
[SourceVersionDate "2024.10.14"]
[SourceQuality "1"]

1. e4 c6 2. d3 d5 3. Nd2 g6 4. h4 h5 5. c3 Bg7 6. Qc2 Nf6 7. Ngf3 Bg4 8. e5 Nfd7 9. d4 e6 10. Bd3 c5 11. Qa4 Nc6 12. Bb5 Qb6 13. 0-0 a6 14. Bxc6 Qxc6 15. Qxc6 bxc6 16. Re1 Rb8 17. Ng5 cxd4 18. cxd4 c5 19. Nb3 cxd4 20. Nxd4 Rb4 21. Ngf3 0-0 22. a3 Rb7 23. b4 Rc8 24. Bb2 Bh6 25. Bc1 Bf8 26. Bd2 Nb6 27. Rec1 Nc4 28. Be1 Rbc7 29. Rc3 Bxf3 30. Nxf3 Nxe5 31. Rxc7 Nxf3+ 32. gxf3 Rxc7 33. Rb1 Bd6 34. a4 Kf8 35. b5 axb5 36. axb5 Ke8 37. Bb4 Be5 38. b6 Rb7 39. Bc5 Kd7 40. Kf1 Kc6 41. Rc1 Bd6 42. Be3+ Kd7 43. Ke2 e5 44. Bc5 Bxc5 45. Rxc5 Kd6 46. Rb5 Kc6 47. Ra5 Rxb6 48. Ra7 f5 49. Rg7 Kc5 50. Re7 Kd4 51. Kf1 e4 52. fxe4 fxe4 53. Ra7 Rf6 54. Ra3 Rf4 55. Rg3 Rg4 56. Rxg4 hxg4 0-1

[Event "Titled Tuesday intern op 06th Aug Late"]
[Site "Chess.com INT"]
[Date "2024.08.06"]
[Round "4"]
[White "Wael Sabry, Mina"]
[Black "Yang, Kevin S"]
[Result "0-1"]
[WhiteElo "2096"]
[BlackElo "2096"]
[PlyCount "88"]
[EventDate "2024.08.06"]
[EventType "swiss (blitz)"]
[EventRounds "11"]
[EventCountry "USA"]
[SourceTitle "EXT 2025"]
[Source "ChessBase"]
[SourceDate "2024.10.14"]
[SourceVersion "1"]
[SourceVersionDate "2024.10.14"]
[SourceQuality "1"]

1. Nf3 Nf6 2. g3 b5 3. Bg2 Bb7 4. 0-0 e6 5. d4 Be7 6. a4 b4 7. c3 a5 8. cxb4 axb4 9. Bf4 0-0 10. Qc2 d6 11. Nbd2 Nbd7 12. e4 h6 13. Rfd1 Re8 14. Rac1 Rc8 15. h3 c5 16. dxc5 Nxc5 17. Nc4 Bxe4 18. Qe2 Nd5 19. Bd2 Bd3 20. Qe1 Nb3 21. Ne3 Nxc1 22. Bxc1 Be4 23. Nxd5 Bxd5 24. Qxb4 Qc7 25. Be3 Rb8 26. Qd2 Bf6 27. Bd4 Bxd4 28. Qxd4 Qb7 29. Rd2 Bxf3 30. Bxf3 Qxf3 31. a5 Rec8 32. Rd1 Rc6 33. b4 Rb5 34. Ra1 Rd5 35. Qb2 Rd1+ 36. Rxd1 Qxd1+ 37. Kg2 Rc2 38. Qa3 Qd5+ 39. Kg1 Rd2 40. g4 Rd1+ 41. Kh2 Rh1+ 42. Kg3 Rg1+ 43. Kf4 g5+ 44. Ke3 Re1# 0-1

[Event "Titled Tuesday intern op 16th Jul Late"]
[Site "Chess.com INT"]
[Date "2024.07.16"]
[Round "3"]
[White "Troff, Kayden W"]
[Black "Yang, Kevin S"]
[Result "1-0"]
[WhiteElo "2490"]
[BlackElo "2096"]
[PlyCount "61"]
[EventDate "2024.07.16"]
[EventType "swiss (blitz)"]
[EventRounds "11"]
[EventCountry "USA"]
[SourceTitle "EXT 2025"]
[Source "ChessBase"]
[SourceDate "2024.10.14"]
[SourceVersion "1"]
[SourceVersionDate "2024.10.14"]
[SourceQuality "1"]

1. d4 Nf6 2. Nf3 e6 3. Bf4 c5 4. e3 b6 5. Nbd2 Be7 6. Nc4 d5 7. Nce5 0-0 8. c3 Ne4 9. Bb5 Bb7 10. h4 f6 11. Nd3 c4 12. Nc1 Bc6 13. Bxb8 Bxb5 14. Bh2 Be8 15. Nd2 Nxd2 16. Kxd2 e5 17. Qg4 f5 18. Qh3 f4 19. Ne2 fxe3+ 20. fxe3 Bd7 21. Qg3 Bxh4 22. Qxe5 Bg4 23. Nf4 Rf5 24. Qe6+ Kh8 25. Qc6 Rc8 26. Qa4 a6 27. Raf1 Bg5 28. Bg3 Kg8 29. Qxa6 b5 30. Qe6+ Kh8 31. Ng6# 1-0

[Event "Titled Tuesday intern op 09th Jul Late"]
[Site "Chess.com INT"]
[Date "2024.07.09"]
[Round "1"]
[White "Manteiga, Franco"]
[Black "Yang, Kevin S"]
[Result "0-1"]
[WhiteElo "2028"]
[BlackElo "2096"]
[PlyCount "64"]
[EventDate "2024.07.09"]
[EventType "swiss (blitz)"]
[EventRounds "11"]
[EventCountry "USA"]
[SourceTitle "EXT 2025"]
[Source "ChessBase"]
[SourceDate "2024.10.14"]
[SourceVersion "1"]
[SourceVersionDate "2024.10.14"]
[SourceQuality "1"]

1. d4 Nf6 2. c4 e6 3. Nc3 Bb4 4. e3 0-0 5. Nge2 d5 6. a3 Bd6 7. c5 Be7 8. Nf4 a5 9. Bd3 b6 10. cxb6 cxb6 11. 0-0 Ba6 12. Bxa6 Nxa6 13. Bd2 Qd7 14. Qe2 Nc7 15. Nd3 Bd6 16. Ne5 Qe8 17. f4 b5 18. Rf3 b4 19. Nd1 Ne4 20. Rh3 f6 21. Nd3 Qb5 22. N1f2 Rfc8 23. a4 Qe8 24. Nxe4 dxe4 25. Nc5 Bxc5 26. dxc5 Nd5 27. Qc4 Qg6 28. Rg3 Qf5 29. c6 Rc7 30. Rc1 Rac8 31. Qb5 Ne7 32. Qxa5 Qxa5 0-1

[Event "Titled Tuesday intern op 09th Jul Late"]
[Site "Chess.com INT"]
[Date "2024.07.09"]
[Round "7"]
[White "Skaric, Djuro"]
[Black "Yang, Kevin S"]
[Result "0-1"]
[WhiteElo "2277"]
[BlackElo "2096"]
[PlyCount "64"]
[EventDate "2024.07.09"]
[EventType "swiss (blitz)"]
[EventRounds "11"]
[EventCountry "USA"]
[SourceTitle "EXT 2025"]
[Source "ChessBase"]
[SourceDate "2024.10.14"]
[SourceVersion "1"]
[SourceVersionDate "2024.10.14"]
[SourceQuality "1"]

1. g3 Nf6 2. Bg2 d5 3. d3 g6 4. Nf3 Bg7 5. 0-0 0-0 6. h3 c6 7. Nc3 Re8 8. e4 e5 9. Nd2 Na6 10. f4 Nh5 11. Ne2 dxe4 12. Nxe4 f5 13. N4c3 exf4 14. Bxf4 Nxf4 15. Nxf4 Qb6+ 16. Kh2 Qxb2 17. Re1 Bd7 18. Rb1 Qxc3 19. Rxe8+ Rxe8 20. Rxb7 Re1 21. Qf3 Qd4 22. h4 Be5 23. c3 Qd6 24. d4 Bxf4 25. gxf4 Re4 26. Qg3 Rxf4 27. Kh3 Nc7 28. h5 Kg7 29. Rxa7 Ne6 30. a4 Kf6 31. a5 Ng5+ 32. Kh2 Rh4+ 0-1

[Event "Titled Tuesday intern op 09th Jul Late"]
[Site "Chess.com INT"]
[Date "2024.07.09"]
[Round "3"]
[White "Yang, Kevin S"]
[Black "Alekseev, Evgeny V"]
[Result "0-1"]
[WhiteElo "2096"]
[BlackElo "2550"]
[PlyCount "76"]
[EventDate "2024.07.09"]
[EventType "swiss (blitz)"]
[EventRounds "11"]
[EventCountry "USA"]
[SourceTitle "EXT 2025"]
[Source "ChessBase"]
[SourceDate "2024.10.14"]
[SourceVersion "1"]
[SourceVersionDate "2024.10.14"]
[SourceQuality "1"]

1. d4 Nf6 2. Nc3 d5 3. Bf4 a6 4. e3 Bf5 5. Nf3 e6 6. Ne5 h6 7. Bd3 Bxd3 8. cxd3 Nbd7 9. Qb3 Rb8 10. Rc1 Bd6 11. Na4 0-0 12. 0-0 Nh5 13. Nxd7 Nxf4 14. Nxb8 Ne2+ 15. Kh1 Nxc1 16. Rxc1 Qxb8 17. e4 c6 18. e5 Be7 19. f4 f6 20. Nb6 Qe8 21. g3 g5 22. Rf1 Kh7 23. Qd1 fxe5 24. dxe5 Qg6 25. Nd7 Rf7 26. a4 gxf4 27. gxf4 Qf5 28. Qf3 c5 29. a5 Rg7 30. b3 h5 31. Rg1 Rg4 32. Rxg4 hxg4 33. Qg3 Kg6 34. Nf6 Bxf6 35. exf6 Kxf6 36. Qh4+ Kf7 37. Qh8 Qxd3 38. Qc8 Qf1# 0-1

[Event "Titled Tuesday intern op 25th Jun Late"]
[Site "Chess.com INT"]
[Date "2024.06.25"]
[Round "1"]
[White "Yang, Kevin S"]
[Black "Novikova, Margarita"]
[Result "1-0"]
[WhiteElo "2096"]
[BlackElo "1999"]
[PlyCount "25"]
[EventDate "2024.06.25"]
[EventType "swiss (blitz)"]
[EventRounds "11"]
[EventCountry "USA"]
[SourceTitle "EXT 2025"]
[Source "ChessBase"]
[SourceDate "2024.10.14"]
[SourceVersion "1"]
[SourceVersionDate "2024.10.14"]
[SourceQuality "1"]

1. d4 e6 2. c4 d5 3. Nc3 Bb4 4. Nf3 Nf6 5. cxd5 exd5 6. Qa4+ Nc6 7. Ne5 Bd7 8. Nxd7 Qxd7 9. e3 Ne4 10. Qc2 Nxc3 11. bxc3 Bd6 12. Bd3 0-0-0 13. Bf5 1-0

[Event "Titled Tuesday intern op 18th Jun Late"]
[Site "Chess.com INT"]
[Date "2024.06.18"]
[Round "7"]
[White "Korchynskyi, Mykola"]
[Black "Yang, Kevin S"]
[Result "1-0"]
[WhiteElo "2321"]
[BlackElo "2096"]
[PlyCount "57"]
[EventDate "2024.06.18"]
[EventType "swiss (blitz)"]
[EventRounds "11"]
[EventCountry "USA"]
[SourceTitle "EXT 2025"]
[Source "ChessBase"]
[SourceDate "2024.10.14"]
[SourceVersion "1"]
[SourceVersionDate "2024.10.14"]
[SourceQuality "1"]

1. d4 Nf6 2. c4 e6 3. Nc3 Bb4 4. Qc2 0-0 5. a3 Bxc3+ 6. Qxc3 b6 7. Bg5 Bb7 8. e3 d6 9. Ne2 Nbd7 10. Qc2 c5 11. Rd1 h6 12. Bh4 Qc7 13. Nc3 a6 14. Be2 Rfe8 15. 0-0 d5 16. cxd5 Nxd5 17. Bg3 Qc6 18. Bf3 cxd4 19. Rxd4 N7f6 20. Rfd1 Qc8 21. Qb3 Nxc3 22. bxc3 Bxf3 23. gxf3 b5 24. e4 Qc5 25. c4 e5 26. R4d2 bxc4 27. Qc3 Rab8 28. Rc2 Rb3 29. Qxb3 1-0

[Event "Titled Tuesday intern op 16th Apr Late"]
[Site "Chess.com INT"]
[Date "2024.04.16"]
[Round "2"]
[White "Yang, Kevin S"]
[Black "Gao, Raymond"]
[Result "1-0"]
[WhiteElo "2096"]
[BlackElo "2001"]
[PlyCount "41"]
[EventDate "2024.04.16"]
[EventType "swiss (blitz)"]
[EventRounds "11"]
[EventCountry "USA"]
[SourceTitle "CBM 219 Extra"]
[Source "ChessBase"]
[SourceDate "2024.05.31"]
[SourceVersion "1"]
[SourceVersionDate "2024.05.31"]
[SourceQuality "1"]

1. d4 Nf6 2. c4 e6 3. Nf3 Bb4+ 4. Nbd2 d5 5. e3 b6 6. Qa4+ Nc6 7. Qxc6+ Bd7 8. Qb7 0-0 9. Qa6 c5 10. cxd5 Nxd5 11. a3 Rc8 12. Qd3 c4 13. Qb1 c3 14. axb4 c2 15. Qa2 Nxb4 16. Qb3 a5 17. Be2 e5 18. Nxe5 Be6 19. Qa3 f6 20. Nd3 Nd5 21. 0-0 1-0

[Event "Titled Tuesday intern op 09th Apr Late"]
[Site "Chess.com INT"]
[Date "2024.04.09"]
[Round "6"]
[White "Gavrilin, Roman"]
[Black "Yang, Kevin S"]
[Result "1-0"]
[WhiteElo "2185"]
[BlackElo "2096"]
[PlyCount "171"]
[EventDate "2024.04.09"]
[EventType "swiss (blitz)"]
[EventRounds "11"]
[EventCountry "USA"]
[SourceTitle "EXT 2025"]
[Source "ChessBase"]
[SourceDate "2024.10.14"]
[SourceVersion "1"]
[SourceVersionDate "2024.10.14"]
[SourceQuality "1"]

1. e4 c6 2. d4 d5 3. Nc3 dxe4 4. Nxe4 Nd7 5. Bc4 e6 6. Nf3 Ngf6 7. Nxf6+ Nxf6 8. Bg5 h6 9. Bh4 Be7 10. Qd3 Nd5 11. Bxe7 Qxe7 12. 0-0-0 Bd7 13. Rhe1 0-0-0 14. Ne5 Nb6 15. Bb3 Qf6 16. f3 Kb8 17. a4 Nd5 18. a5 Nc7 19. g3 Be8 20. Qc3 Qe7 21. f4 Nb5 22. Qe3 Qb4 23. a6 bxa6 24. Nc4 Rg8 25. Ba2 Qe7 26. c3 Nc7 27. Ne5 Nd5 28. Qf3 Qb7 29. c4 Nb4 30. Bb1 f6 31. Nd3 Bf7 32. Nc5 Qb6 33. Qb3 a5 34. Be4 Rd6 35. Na4 Qb7 36. Nc5 Qb6 37. f5 exf5 38. Bxf5 Rgd8 39. Re7 Bg8 40. Rb7+ Qxb7 41. Nxb7 Kxb7 42. Be4 Re8 43. Bf3 Red8 44. d5 cxd5 45. cxd5 Bxd5 46. Bxd5+ Rxd5 47. Rxd5 Rxd5 48. Qf3 Kc6 49. b3 Kd6 50. Qf4+ Kc6 51. Qg4 Rg5 52. Qe6+ Kb5 53. Kb2 Nd3+ 54. Kc3 Nc5 55. Qe8+ Kb6 56. Qd8+ Kc6 57. Qf8 Ne4+ 58. Kb2 Nd6 59. Qa8+ Kb6 60. Qb8+ Nb7 61. Qf4 Rb5 62. Qg4 g5 63. Qf3 Ka6 64. Qxf6+ Rb6 65. Qf5 Nd6 66. Qd3+ Nb5 67. h4 gxh4 68. gxh4 Kb7 69. Qd5+ Ka6 70. h5 Nc7 71. Qc4+ Kb7 72. Ka2 Rb5 73. Qe4+ Rd5 74. Qg6 Rd2+ 75. Ka3 Nb5+ 76. Ka4 Nc3+ 77. Kxa5 Nd5 78. Qxh6 Ra2+ 79. Kb5 Nc7+ 80. Kb4 Ra6 81. Qg5 Rb6+ 82. Ka3 Rb5 83. Qg2+ Ka6 84. h6 Ra5+ 85. Kb2 Re5 86. Qc6+ 1-0

[Event "Titled Tuesday intern op 09th Apr Late"]
[Site "Chess.com INT"]
[Date "2024.04.09"]
[Round "4"]
[White "Reyes Zavaleta, Fabian Ricardo"]
[Black "Yang, Kevin S"]
[Result "1-0"]
[WhiteElo "2092"]
[BlackElo "2096"]
[PlyCount "73"]
[EventDate "2024.04.09"]
[EventType "swiss (blitz)"]
[EventRounds "11"]
[EventCountry "USA"]
[SourceTitle "EXT 2025"]
[Source "ChessBase"]
[SourceDate "2024.10.14"]
[SourceVersion "1"]
[SourceVersionDate "2024.10.14"]
[SourceQuality "1"]

1. d4 Nf6 2. c4 e6 3. g3 d5 4. Nf3 dxc4 5. Bg2 Bb4+ 6. Bd2 c5 7. Bxb4 cxb4 8. Ne5 0-0 9. a3 Nc6 10. Bxc6 bxc6 11. 0-0 c3 12. bxc3 bxc3 13. Nxc3 Qd6 14. Na4 Ba6 15. Nc5 Bc8 16. e3 a5 17. Qc2 Ba6 18. Rfc1 Rfc8 19. Rab1 Nd5 20. Ne4 Qxa3 21. Nc5 Bb5 22. Rb3 Ba4 23. Rxa3 Bxc2 24. Rxc2 Nb4 25. Rc1 f6 26. Ned3 Nxd3 27. Nxd3 Kf7 28. Rc5 a4 29. Rc4 Rcb8 30. Rcxa4 Rxa4 31. Rxa4 Rb1+ 32. Kg2 Rd1 33. Nc5 e5 34. Ra7+ Kg6 35. Ne6 exd4 36. exd4 Re1 37. Nf4+ 1-0

[Event "Titled Tuesday intern op 12th Mar Late"]
[Site "Chess.com INT"]
[Date "2024.03.12"]
[Round "1"]
[White "Yang, Kevin S"]
[Black "Drygalov, Andrey"]
[Result "0-1"]
[WhiteElo "2096"]
[BlackElo "2475"]
[PlyCount "58"]
[EventDate "2024.03.12"]
[EventType "swiss (blitz)"]
[EventRounds "11"]
[EventCountry "USA"]
[SourceTitle "CBM 219 Extra"]
[Source "ChessBase"]
[SourceDate "2024.05.31"]
[SourceVersion "1"]
[SourceVersionDate "2024.05.31"]
[SourceQuality "1"]

1. d4 Nf6 2. Nc3 d5 3. Nf3 g6 4. g3 Bg7 5. Bg2 0-0 6. 0-0 c6 7. Bf4 Bf5 8. e3 Nbd7 9. Nh4 Be6 10. Nf3 h6 11. h4 Bf5 12. Na4 Ne4 13. Nd2 Nxd2 14. Qxd2 e5 15. Bxe5 Nxe5 16. dxe5 Bxe5 17. Nc5 Qe7 18. Nd3 Bg7 19. c3 Rfe8 20. Rad1 Rad8 21. Nc1 Be4 22. Nb3 Bxg2 23. Kxg2 Qe4+ 24. Kh2 Bf6 25. Qd3 Qg4 26. Nc1 Bxh4 27. gxh4 Qxh4+ 28. Kg2 Qg4+ 29. Kh2 Re5 0-1

[Event "Titled Tuesday intern op 05th Mar Late"]
[Site "Chess.com INT"]
[Date "2024.03.05"]
[Round "8"]
[White "Dyachuk, Artem"]
[Black "Yang, Kevin S"]
[Result "1-0"]
[WhiteElo "2307"]
[BlackElo "2096"]
[PlyCount "79"]
[EventDate "2024.03.05"]
[EventType "swiss (blitz)"]
[EventRounds "11"]
[EventCountry "USA"]
[SourceTitle "EXT 2025"]
[Source "ChessBase"]
[SourceDate "2024.10.14"]
[SourceVersion "1"]
[SourceVersionDate "2024.10.14"]
[SourceQuality "1"]

1. e4 c6 2. Nc3 d5 3. d4 dxe4 4. Nxe4 Nd7 5. Ng5 e6 6. Bd3 Ngf6 7. h4 Bd6 8. N1f3 h6 9. Nh3 Qc7 10. Qe2 b6 11. Bd2 Bb7 12. 0-0-0 0-0-0 13. g4 Nxg4 14. Rhg1 h5 15. Nfg5 Ndf6 16. f3 Nh6 17. Ne4 Bf8 18. Bf4 Qe7 19. Nhg5 Nd5 20. Bg3 Nf5 21. Bf2 Nf4 22. Qd2 Nxd3+ 23. Qxd3 f6 24. Nh3 c5 25. Nf4 Qf7 26. Ng6 Rh6 27. Nxf8 Qxf8 28. Qb3 Nxd4 29. Bxd4 cxd4 30. Qxe6+ Kb8 31. Rge1 Bd5 32. Qf5 Bxa2 33. Ng3 Bf7 34. Qf4+ Qd6 35. Qxd6+ Rxd6 36. Nf5 Rd7 37. Nxh6 gxh6 38. Re4 Kc7 39. Rdxd4 Bd5 40. Rf4 1-0